A comprehensive guide for MCA entrance examination (Record no. 2084)

MARC details
000 -LEADER
fixed length control field 00648 a2200205 4500
020 ## - INTERNATIONAL STANDARD BOOK NUMBER
Terms of availability 175.00
035 ## - SYSTEM CONTROL NUMBER
System control number B-47046
037 ## - SOURCE OF ACQUISITION
Source of stock number/acquisition RP-PR-141 / NCP-01-02 / RP-01-02:ENG
082 14 - DEWEY DECIMAL CLASSIFICATION NUMBER
Classification number 000
090 ## - LOCALLY ASSIGNED LC-TYPE CALL NUMBER (OCLC); LOCAL CALL NUMBER (OCLC)
-- 2122
-- 2122
100 1# - MAIN ENTRY--PERSONAL NAME
Personal name Aggarwal, R.S.
245 1# - TITLE STATEMENT
Title A comprehensive guide for MCA entrance examination
Statement of responsibility, etc by R.S.Aggarwal, Deepak Aggarwal
250 ## - EDITION STATEMENT
Edition statement 2nd ed
260 ## - PUBLICATION, DISTRIBUTION, ETC. (IMPRINT)
Place of publication, distribution, etc New Delhi
Name of publisher, distributor, etc S. Chand
Date of publication, distribution, etc 2002r
300 ## - PHYSICAL DESCRIPTION
Extent Various pagings
Dimensions 24 cm (pbk)
500 ## - GENERAL NOTE
General note This is reprint 2002
700 ## - ADDED ENTRY--PERSONAL NAME
Personal name Aggarwal, Deepak
942 ## - ADDED ENTRY ELEMENTS (KOHA)
Institution code [OBSOLETE] dpl
Koha item type English Books
Call number prefix 000 / AGG
Holdings
Withdrawn status Lost status Source of classification or shelving scheme Damaged status Not for loan Home library Current library Cost, normal purchase price Total Checkouts Full call number Barcode Date last seen Uniform Resource Identifier Cost, replacement price Price effective from Koha item type
    Dewey Decimal Classification   Not For Loan Peshwa Road Peshwa Road 175.00   000 AGG B-47046 15/09/2008 2202 175.00 15/09/2008 English Books

© Delhi Public Library
Hit Counter
free hit counter